000 00470 a2200157 4500
001 149562
040 _cEscola São Tomás de Aquino
100 _aALMEIDA, Fernanda Lopes de
240 1 0 _aA fada que tinha ideias
_lpor
245 1 0 _aA fada que tinha ideias
300 _a60
362 0 _a2013
440 1 _aProjeto
697 _aHistórias de bruxas, centauros, fadas, duendes, deuses, sereias, ogres, vampiros, feiticeiros, mágicos
942 _cBK
999 _c149562
_d149562